Boost Your Confidence With Nlp

Gorde:
Xehetasun bibliografikoak
Egile nagusia: Mcdermott, Ian
Formatua: Liburua
Argitaratua: Piatkus Hb/Tpb
Etiketak: Etiketa erantsi
Etiketarik gabe, Izan zaitez lehena erregistro honi etiketa jartzen!
LEADER 00983cam a22002057a 4500
001 (Sirsi) i9780749928513
005 20190330161950.0
008 190219n xx ||||||||||||||||| |d
020 |a 9780749928513 
040 |a SMLIBRARY  |b eng  |c SMLIBRARY  |e AACR2 
100 |a Mcdermott, Ian 
245 1 |a Boost Your Confidence With Nlp 
260 |b Piatkus Hb/Tpb 
901 |a 158.1 MAC  |i BK10009446B  |m SMLIBRARY  |l ADULT  |t BOOK  |p 84.15  |x ADULT  |z ANFIC  |u 18/11/2013 
903 |a  SMLNEWITEM, SMLPOPULAR 
904 |a 1 
942 |2 ddc  |c BOOK 
952 |0 0  |1 0  |2 ddc  |4 0  |6 158_100000000000000_MAC  |7 0  |8 ADULT | ANFIC  |9 35457  |a SMLIBRARY  |b SMLIBRARY  |c ADULT  |d 2013-11-18  |g 84.15  |l 3  |m 2  |o 158.1 MAC  |p BK10009446B  |r 2020-05-08 00:00:00  |s 2020-03-07  |t 1  |v 84.15  |w 2019-06-25  |y ADULTBOOK 
952 |0 0  |1 0  |2 ddc  |4 0  |6 158_100000000000000_MAC  |7 0  |8 ADULT | ANFIC  |9 35458  |a SMLIBRARY  |b SMLIBRARY  |c ADULT  |d 2013-11-22  |g 84.15  |l 1  |o 158.1 MAC  |p BK10018680B  |r 2020-03-07 00:00:00  |s 2020-02-16  |t 2  |v 84.15  |w 2019-06-25  |y ADULTBOOK 
999 |c 30017  |d 30017